00769nab a2200217 uc450000100070000000500170000700800410002403500110006503500210007604000130009704100080011010000390011824500910015765000120024865000300026065000250029070000450031570000450036070000480040577300980045358923120240201133203.0000412e19990315 spa  a589231 a(OCoLC)819827206 ccomduadb aspa10aRivera Flores, Alejandro4auteaut10aSeroprevalencia de leptospirosis en perros callejeros del norte de la ciudad de Mexico aCaninos aInmunología veterinaria aLeptospirosis canina10aRoa Riol, Maria de los Angeles4auteaut10aOrdoñez Badillo, Maria Luisa4auteaut10aPeña Moctezuma, Alejandro de la4auteaut0 tVeterinaria México (México)gVol. 30, No. 01, 1999, p. 105-107w356025x0301-50920113461